| 000 -ლიდერი |
| ფიქსირებული სიგრძის საკონტროლო ველი |
01523nam a2200241Ia 4500 |
| 001 - საკონტროლო ნომერი |
| საკონტროლო ველი |
12693 |
| 003 - საკონტროლო ნომრის იდენტიფიკატორი |
| საკონტროლო ველი |
GE_BSU |
| 005 - ბოლო ოპერაციის თარიღი და დრო |
| საკონტროლო ველი |
20240627164717.0 |
| 008 - ფიქსირებული სიგრძის მონაცემთა ელემენტები - ზოგადი ინფორმაცია |
| ფიქსირებული სიგრძის საკონტროლო ველი |
181216s2009||||ge |||||||||||||| ||geo|| |
| 020 ## - წიგნის საერთაშორისო სტანდარტული ნომერი |
| Terms of availability |
ნაჩუქარი |
| 040 ## - კატალოგიზაციის წყარო |
| Transcribing agency |
GE_BSU |
| 041 ## - ენის კოდი |
| Language code of text/sound track or separate title |
geo |
| 080 ## - უნივერსალური ათობითი კლასიფიკაციის ინდექსი |
| Universal Decimal Classification number |
81’24+811.352.2 ლ-63 |
| 245 ## - ცნობა სათაურის შესახებ |
| Title |
ლინგვისტური ქართველოლოგიისა და აფხაზოლოგიის პრობლემები : |
| Remainder of title |
ტ.1 / |
| Statement of responsibility, etc |
რედ. : გვანცელაძე თეიმურაზ, ნაჭყებია მერაბ ; სოხუმის სახელმწიფო უნივერსიტეტი, ქართველური ენათმეცნიერების ინსტიტუტი ; აფხაზური ენისა და კულტურის ინსტიტუტი. |
| 264 ## - წარმოების, გამოცემის, დისტრიბუციის და სხვა ცნობები |
| გამოცემის, წარმოების, დისტრიბუციის... ადგილი |
თბილისი : |
| გამოცემის, წარმოების, დისტრიბუციის... სახელწოდება |
უნივერსალი, |
| გამოცემის, წარმოების, დისტრიბუციის... თარიღი |
2009. |
| 300 ## - ფიზიკური აღწერა |
| Extent |
231 გვ. ; |
| Dimensions |
20 სმ. |
| 504 ## - BIBLIOGRAPHY, ETC. NOTE |
| Bibliography, etc |
ბიბლიოგრ. : გვ. 228-229 |
| 653 ## - INDEX TERM--UNCONTROLLED |
| Uncontrolled term |
ლინგვისტიკა |
| 653 ## - INDEX TERM--UNCONTROLLED |
| Uncontrolled term |
ლინგვისტური ქართველოლოგიისა და აფხაზოლოგიის პრობლემები |
| 700 ## - ADDED ENTRY--PERSONAL NAME |
| Personal name |
გვანცელაძე, თეიმურაზ |
| Relator term |
რედაქტორი |
| 9 (RLIN) |
291 |
| 700 ## - ADDED ENTRY--PERSONAL NAME |
| Personal name |
ნაჭყებია, მერაბ |
| Relator term |
რედაქტორი |
| 9 (RLIN) |
292 |
| 942 ## - ADDED ENTRY ELEMENTS (KOHA) |
| Koha item type |
წიგნი |
| Source of classification or shelving scheme |
|